| 000 | 01193cam a22003374a 4500 | ||
|---|---|---|---|
| 001 | 4154 | ||
| 003 | FISKH | ||
| 005 | 20240614112730.0 | ||
| 008 | 000104s2000 nyua b 000 0 eng | ||
| 010 | _a 00020823 | ||
| 020 | _a0439201659 (pbk.) | ||
| 040 |
_aDLC _cDLC _dDLC _beng |
||
| 050 | _aQL104.B47 | ||
| 082 | _a591.7 | ||
| 100 | 1 | _aBerger, Melvin. | |
| 245 | 1 | 0 |
_aBrrr! : _ba book about polar animals / _cby Melvin & Gilda Berger. |
| 250 | _aFirst Revised edtion, February 2006 | ||
| 260 |
_aNew York : _bScholastic, _c2000. |
||
| 300 |
_a40 pages : _bcolor illustrations ; _c23 cm |
||
| 490 | 1 | _aBerger Science Readers | |
| 505 | _aO | ||
| 520 | _aSimple text and photographs present the physical characteristics, behavior, and habitat of a variety of animals living near the North and South Poles, including humpback whales, seals, polar bears, and penguins. | ||
| 521 |
_a620
_bLexile NC |
||
| 521 |
_aO
_bRaz-Plus |
||
| 650 | 0 |
_aZoology _zPolar regions _vJuvenile literature. |
|
| 650 | 1 |
_aZoology _zPolar regions. |
|
| 700 | 1 |
_aBerger, Gilda. _eAuthor |
|
| 906 |
_a7 _bcbc _corignew _d1 _eocip _f20 _gy-gencatlg |
||
| 942 |
_2ddc _cBK _n0 |
||
| 999 |
_c4154 _d4154 |
||